Podział administracyjny państw Europy - Statystyki

Ogólne statystyki
  • Ten quiz został rozwiązany 58 726 razy
  • Średni wynik to 101 z 1052
Odpowiedzi na mapie
Odpowiedzi zakodowano w zielono-czerwonej skali na mapie do tego quizu, zgodnie z poniższymi procentami.
 
Statystyki odpowiedzi
Państwo Rodzaj Jednostka podziału administracyjnego % Poprawnych
Polska Województwo Mazowieckie
82%
Polska Województwo Pomorskie
82%
Polska Województwo Opolskie
80%
Grecja Administracja Peloponez, Grecja Zachodnia i Wyspy Jońskie
80%
Polska Województwo Śląskie
80%
Słowenia Gmina Dol pri Ljubljani
79%
Białoruś Obwód Miński
79%
Polska Województwo Wielkopolskie
79%
Polska Województwo Lubelskie
78%
Polska Województwo Małopolskie
78%
Polska Województwo Podlaskie
78%
Polska Województwo Lubuskie
77%
Polska Województwo Zachodniopomorskie
77%
Polska Województwo Łódzkie
76%
Polska Województwo Warmińsko-mazurskie
76%
Polska Województwo Dolnośląskie
75%
Polska Województwo Kujawsko-pomorskie
75%
Polska Województwo Podkarpackie
75%
Wielka Brytania Kraj Anglia
74%
Dania Region Jutlandia Północna
74%
Polska Województwo Świętokrzyskie
74%
Wielka Brytania Kraj Szkocja
74%
Niemcy Kraj związkowy Berlin
73%
Malta Region Północny
73%
Wielka Brytania Księstwo Walia
73%
Czechy Kraj samorządowy Morawsko-śląski
72%
Niemcy Kraj związkowy Bawaria
69%
Wielka Brytania Prowincja Irlandia Północna
68%
Rosja Obwód Moskiewski
67%
Ukraina Miasto wydzielone Kijów
66%
Ukraina Obwód Kijowski
66%
Rosja Miasto wydzielone Moskwa
65%
Białoruś Miasto Mińsk
64%
Hiszpania Wspólnota Katalonia
62%
Czechy Miasto wydzielone Praga
62%
Włochy Region Sycylia
61%
Rosja Republika autonomiczna Krym
59%
Ukraina Obwód Lwowski
59%
Hiszpania Wspólnota Madryt
59%
Litwa Okręg Wileński
59%
Norwegia Okręg Oslo
58%
Niderlandy Kraj składowy Holandia
55%
Włochy Region Sardynia
55%
Niemcy Kraj związkowy Hamburg
54%
Rosja Obwód Kaliningradzki
54%
Austria Kraj związkowy Wiedeń
54%
Portugalia Dystrykt Lizboński
53%
Francja Region Korsyka
52%
Rosja Miasto wydzielone Petersburg
52%
Niemcy Kraj związkowy Saksonia
52%
Irlandia Miasto Dublin
51%
Łotwa Miasto Ryga
51%
Szwecja Region Sztokholm
51%
Słowacja Kraj Bratysławski
50%
Węgry Komitat Budapeszt
50%
Grecja Administracja Kreta
49%
Rumunia Miasto wydzielone Bukareszt
48%
Ukraine Obwód Doniecki
48%
Islandia Gmina Reykjavík
48%
Grecja Administracja Attyka
47%
Dania Region Region Stołeczny
47%
Belgia Region Bruksela
46%
Ukraina Obwód Odeski
44%
Bułgaria Obwód Sofia
44%
Niemcy Kraj związkowy Brandenburgia
43%
Bułgaria Obwód Sofia - miasto
43%
Chorwacja Miasto Zagrzeb
43%
Chorwacja Żupania Zagrzebska
43%
Andora Parafia Andora
42%
Ukraina Obwód Charkowski
42%
Wielka Brytania Terytorium Gibraltar
42%
Szwajcaria Kanton Berno
41%
Hiszpania Wspólnota Kraj Basków
41%
Portugalia Dystrykt Porto
41%
Niemcy Kraj związkowy Szlezwik-Holsztyn
40%
Hiszpania Wspólnota Galicja
39%
Litwa Okręg Kowieński
39%
Ukraina Obwód Ługański
39%
Luksemburg Kanton Luksemburg
39%
Serbia Miasto wydzielone Belgrad
38%
Niemcy Kraj związkowy Brema
38%
Białoruś Obwód Brzeski
38%
Białoruś Obwód Grodzieński
38%
Monako Osiedle Monaco-Ville
38%
San Marino Zamek San Marino
38%
Francja Region Bretania
37%
Albania Obwód Tirana
37%
Hiszpania Wspólnota Andaluzja
36%
Litwa Okręg Kłajpedzki
36%
Niemcy Kraj związkowy Nadrenia-Palatynat
36%
Czechy Kraj samorządowy Południowomorawski
36%
Malta Region Południowy
36%
Mołdawia Miasto wydzielone Kiszyniów
35%
Słowenia Gmina miejska Lublana
35%
Francja Region Normandia
35%
Szwajcaria Kanton Bazylea-Miasto
33%
Szwajcaria Kanton Bazylea-Okręg
33%
Bośnia i Hercegowina Część składowa Federacja Bośni i Hercegowiny
33%
Belgia Region Flandria
33%
Finlandia Region Laponia
33%
Austria Kraj związkowy Tyrol
33%
Hiszpania Wspólnota Walencja
33%
Wielka Brytania Dependencja Wyspa Man
33%
Szwajcaria Kanton Zurych
33%
Niemcy Kraj związkowy Meklemburgia-Pomorze Przednie
32%
Włochy Region Toskania
32%
Belgia Region Walonia
32%
Niemcy Kraj związkowy Saara
31%
Niemcy Kraj związkowy Badenia-Wirtembergia
30%
Niemcy Kraj związkowy Nadrenia Północna-Westfalia
30%
Rosja Obwód Smoleński
30%
Szwajcaria Kanton Vaud
30%
Dania Kraj Wyspy Owcze
30%
Czarnogóra Gmina Bar
29%
Szwecja Region Gotland
29%
Rosja Miasto wydzielone Sewastopol
29%
Chorwacja Żupania Splicko-dalmatyńska
29%
Ukraina Obwód Zaporoski
29%
Hiszpania Wspólnota Baleary
28%
Rosja Republika Czeczenia
28%
Dania Region Dania Południowa
28%
Niemcy Kraj związkowy Dolna Saksonia
28%
Słowacja Kraj Koszycki
28%
Włochy Region Lombardia
28%
Grecja Administracja Macedonia-Tracja
28%
Rosja Obwód Murmański
28%
Francja Region Prowansja-Alpy-Lazurowe Wybrzeże
28%
Niemcy Kraj związkowy Turyngia
28%
Hiszpania Wspólnota Aragonia
27%
Ukraina Obwód Dniepropetrowski
27%
Szwajcaria Kanton Genewa
27%
Niemcy Kraj związkowy Hesja
27%
Rosja Republika Karelia
27%
Ukraina Obwód Wołyński
27%
Dania Region Zelandia
27%
Ukraina Obwód Chersoński
26%
Austria Kraj związkowy Salzburg
26%
Liechtenstein Gmina Vaduz
26%
Włochy Region Lacjum
25%
Kosowo Rejon Prisztina
25%
Bośnia i Hercegowina Część składowa Republika Serbska
25%
Niemcy Kraj związkowy Saksonia-Anhalt
25%
Norwegia Terytorium Svalbard
25%
Serbia Okręg Borski
24%
Malta Region Centralny
24%
Białoruś Obwód Homelski
24%
Estonia Prowincja Lääne
24%
Czarnogóra Gmina Podgorica
24%
Włochy Region Piemont
23%
Macedonia Północna Gmina Saraj
23%
Rosja Obwód Wołgogradzki
23%
Irlandia Miasto Cork
22%
Irlandia Hrabstwo Cork
22%
Ukraina Obwód Mikołajowski
22%
Hiszpania Wspólnota Murcja
22%
Mołdawia Region autonomiczny Naddniestrze
22%
Rosja Obwód Rostowski
22%
Białoruś Obwód Witebski
22%
Chorwacja Żupania Dubrownicko-neretwiańska
21%
Francja Region Île-de-France
21%
Ukraina Obwód Zakarpacki
21%
Rosja Obwód Archangielski
20%
Francja Region Burgundia-Franche-Comté
20%
Dania Region Jutlandia Środkowa
20%
Rosja Obwód Nowogrodzki
20%
Ukraina Obwód Sumski
20%
Finlandia Region Finlandia Środkowa
19%
Francja Region Oksytania
19%
Rosja Obwód Pskowski
19%
Ukraina Obwód Tarnopolski
19%
Grecja Administracja Tesalia-Grecja Środkowa
19%
Bułgaria Obwód Warna
19%
Ukraina Obwód Iwanofrankowski
18%
Rosja Kraj Krasnodarski
18%
Hiszpania Wspólnota Nawarra
18%
Czechy Kraj samorządowy Pilzneński
18%
Ukraina Obwód Żytomierski
18%
Rosja Republika Dagestan
17%
Austria Kraj związkowy Dolna Austria
17%
Włochy Region Emilia-Romagna
17%
Wielka Brytania Dependencja Jersey
17%
Rumunia Okręg Kluż
17%
Rosja Obwód Kurski
17%
Rosja Obwód Leningradzki
17%
Czechy Kraj samorządowy Liberecki
17%
Ukraina Obwód Winnicki
17%
Hiszpania Wspólnota Asturia
16%
Austria Kraj związkowy Górna Austria
16%
Włochy Region Kalabria
16%
Białoruś Obwód Mohylewski
16%
Czechy Kraj samorządowy Ołomuniecki
16%
Rosja Kraj Permski
16%
Ukraina Obwód Rówieński
16%
Włochy Region Trydent-Górna Adyga
16%
Hiszpania Wspólnota Kastylia i León
15%
Francja Region Kraj Loary
15%
Włochy Region Liguria
15%
Francja Region Region Centralny-Dolina Loary
15%
Finlandia Region Wyspy Alandzkie
15%
Portugalia Region Azory
14%
Portugalia Dystrykt Braga
14%
Ukraina Obwód Chmielnicki
14%
Ukraina Obwód Czernihowski
14%
Chorwacja Żupania Istryjska
14%
Włochy Region Kampania
14%
Hiszpania Wspólnota Kastylia-La Mancha
14%
Rosja Obwód Niżnonowogrodzki
14%
Austria Kraj związkowy Styria
14%
Litwa Okręg Szawelski
14%
Grecja Administracja Wyspy Egejskie
14%
Chorwacja Żupania Zadarska
14%
Słowacja Kraj Żyliński
14%
Włochy Region Apulia
13%
Grecja Administracja Epir-Macedonia Zachodnia
13%
Hiszpania Wspólnota Estremadura
13%
Francja Region Grand Est
13%
Czechy Kraj samorządowy Hradecki
13%
Słowenia Gmina miejska Maribor
13%
Monako Osiedle Monte-Carlo
13%
Słowacja Kraj Nitrzański
13%
Francja Region Nowa Akwitania
13%
Rosja Republika Osetia Północna-Alania
13%
Ukraina Obwód Połtawski
13%
Czechy Kraj samorządowy Południowoczeski
13%
Słowacja Kraj Preszowski
13%
Rosja Republika Tatarstan
13%
Norwegia Okręg Troms og Finnmark
13%
Włochy Region Wenecja Euganejska
13%
Słowacja Kraj Bańskobystrzycki
12%
Bułgaria Obwód Burgas
12%
Łotwa Miasto Dyneburg
12%
Portugalia Dystrykt Faro
12%
Wielka Brytania Dependencja Guernsey
12%
Rosja Obwód Jarosławski
12%
Austria Kraj związkowy Karyntia
12%
Litwa Okręg Mariampolski
12%
Francja Region Owernia-Rodan-Alpy
12%
Rosja Obwód Samarski
12%
Włochy Region Umbria
12%
Włochy Region Dolina Aosty
11%
Czechy Kraj samorządowy Karlowarski
11%
Rosja Republika Komi
11%
Serbia Okręg Raski
11%
Czechy Kraj samorządowy Środkowoczeski
11%
Rosja Obwód Woroneski
11%
Czechy Kraj samorządowy Zliński
11%
Włochy Region Abruzja
10%
Rosja Obwód Biełgorodzki
10%
Rosja Obwód Briański
10%
Austria Kraj związkowy Burgenland
10%
Ukraina Obwód Czerkaski
10%
Albania Obwód Durrës
10%
Włochy Region Friuli-Wenecja Julijska
10%
Malta Region Gozo
10%
Francja Region Hauts-de-France
10%
Hiszpania Wspólnota Kantabria
10%
Rumunia Okręg Konstanca
10%
Hiszpania Wspólnota La Rioja
10%
Słowenia Gmina Loška Dolina
10%
Czechy Kraj samorządowy Pardubicki
10%
Litwa Okręg Poniewieski
10%
Estonia Prowincja Sarema
10%
Estonia Prowincja Tartu
10%
Słowacja Kraj Trnawski
10%
Rosja Obwód Twerski
10%
Szwecja Region Uppsala
10%
Ukraina Obwód Czerniowiecki
9%
Irlandia Miasto Galway
9%
Irlandia Hrabstwo Galway
9%
Szwecja Region Kalmar
9%
Rosja Obwód Kirowski
9%
Rosja Okręg autonomiczny Nieniecki
9%
Litwa Okręg Olicki
9%
Bułgaria Obwód Płowdiw
9%
Rosja Obwód Riazański
9%
Rosja Obwód Tulski
9%
Czechy Kraj samorządowy Ustecki
9%
Rosja Republika Adygeja
8%
Bośnia i Hercegowina Dystrykt Brczko
8%
Węgry Komitat Győr-Moson-Sopron
8%
Rosja Republika Inguszetia
8%
Rumunia Okręg Jassy
8%
Rosja Republika Kałmucja
8%
Irlandia Hrabstwo-Miasto Limerick
8%
Łotwa Miasto Lipawa
8%
Włochy Region Marche
8%
Rosja Obwód Orłowski
8%
Chorwacja Żupania Osijecko-barańska
8%
Rosja Obwód Saratowski
8%
Rumunia Okręg Temesz
8%
Słowacja Kraj Trenczyński
8%
Rosja Obwód Astrachański
7%
Włochy Region Basilicata
7%
Rosja Republika Baszkortostan
7%
Rumunia Okręg Braszów
7%
Finlandia Region Karelia Północna
7%
Finlandia Region Karelia Południowa
7%
Łotwa Powiat Kieś
7%
Ukraina Obwód Kirowohradzki
7%
Słowenia Gmina miejska Koper
7%
Włochy Region Molise
7%
Norwegia Okręg Nordland
7%
Estonia Prowincja Parnawa
7%
Kosowo Rejon Peć
7%
Szwecja Region Skania
7%
Rosja Kraj Stawropolski
7%
Węgry Komitat Vas
7%
Austria Kraj związkowy Vorarlberg
7%
Rosja Obwód Włodzimierski
7%
Czechy Kraj samorządowy Wysoczyna
7%
Grecja Okręg autonomiczny Athos
6%
Portugalia Dystrykt Coimbra
6%
Mołdawia Region autonomiczny Gagauzja
6%
Szwajcaria Kanton Gryzonia
6%
Estonia Prowincja Hiuma
6%
Rosja Obwód Kałuski
6%
Rosja Republika Karaczajo-Czerkiesja
6%
Szwajcaria Kanton Lucerna
6%
Rosja Republika Mari El
6%
Rosja Republika Mordowia
6%
Rosja Obwód Orenburski
6%
Węgry Komitat Pest
6%
Albania Obwód Szkodra
6%
Litwa Okręg Tauroski
6%
Albania Obwód Wlora
6%
Rosja Obwód Wołogodzki
6%
Rumunia Okręg Alba
5%
Słowenia Gmina miejska Celje
5%
Rosja Republika Czuwaszja
5%
Finlandia Region Finlandia Południowo-Zachodnia
5%
Rosja Obwód Iwanowski
5%
Rosja Republika Kabardo-Bałkaria
5%
Chorwacja Żupania Karlowacka
5%
Rosja Obwód Lipiecki
5%
Słowenia Gmina Luče
5%
Finlandia Region Ostrobotnia
5%
Finlandia Region Ostrobotnia Północna
5%
Finlandia Region Ostrobotnia Południowa
5%
Rosja Obwód Penzeński
5%
Serbia Okręg Podunajski
5%
Malta Region Południowo-Wschodni
5%
Bułgaria Obwód Ruse
5%
Słowenia Gmina Ruše
5%
Szwajcaria Kanton Sankt Gallen
5%
Liechtenstein Gmina Schaan
5%
Portugalia Dystrykt Setúbal
5%
Chorwacja Żupania Szybenicko-knińska
5%
Rosja Obwód Tambowski
5%
Litwa Okręg Telszański
5%
Szwajcaria Kanton Ticino
5%
Litwa Okręg Uciański
5%
Rosja Republika Udmurcja
5%
Norwegia Okręg Vestland
5%
Łotwa Miasto Windawa
5%
Łotwa Powiat Windawa
5%
Norwegia Okręg Agder
4%
Szwajcaria Kanton Appenzell Ausserrhoden
4%
Rumunia Okręg Arad
4%
Portugalia Dystrykt Aveiro
4%
Portugalia Dystrykt Beja
4%
Albania Obwód Berat
4%
Mołdawia Miasto wydzielone Bielce
4%
Portugalia Dystrykt Bragança
4%
Andora Parafia Encamp
4%
Portugalia Dystrykt Évora
4%
Albania Obwód Fier
4%
Szwajcaria Kanton Fryburg
4%
Rumunia Okręg Gałacz
4%
Albania Obwód Gjirokastra
4%
Szwecja Region Halland
4%
Norwegia Okręg Innlandet
4%
Łotwa Miasto Jełgawa
4%
Łotwa Powiat Jełgawa
4%
Szwecja Region Jönköping
4%
Szwajcaria Kanton Jura
4%
Finlandia Region Kainuu
4%
Albania Obwód Korcza
4%
Rosja Obwód Kostromski
4%
Czarnogóra Gmina Kotor
4%
Albania Obwód Kukës
4%
Norwegia Okręg Møre og Romsdal
4%
Szwecja Region Norrbotten
4%
Szwecja Region Örebro
4%
Finlandia Region Ostrobotnia Środkowa
4%
Chorwacja Żupania Pożedzko-slawońska
4%
Chorwacja Żupania Primorsko-gorska
4%
Bułgaria Obwód Razgrad
4%
Norwegia Okręg Rogaland
4%
Andora Parafia Sant Julià de Lòria
4%
Rumunia Okręg Satu Mare
4%
Finlandia Region Sawonia Północna
4%
Finlandia Region Sawonia Południowa
4%
Bułgaria Obwód Stara Zagora
4%
Norwegia Okręg Trøndelag
4%
Rosja Obwód Uljanowski
4%
Finlandia Region Uusimaa
4%
Szwajcaria Kanton Valais
4%
Norwegia Okręg Vestfold og Telemark
4%
Norwegia Okręg Viken
4%
Portugalia Dystrykt Vila Real
4%
Irlandia Hrabstwo-Miasto Waterford
4%
Bułgaria Obwód Widyń
4%
Bułgaria Obwód Wielkie Tyrnowo
4%
Szwajcaria Kanton Zug
4%
Islandia Gmina Akureyri
3%
Szwajcaria Kanton Argowia
3%
Rumunia Okręg Bacău
3%
Węgry Komitat Békés
3%
Rumunia Okręg Bistrița-Năsăud
3%
Szwecja Region Blekinge
3%
Chorwacja Żupania Brodzko-posawska
3%
Czarnogóra Gmina Budva
3%
Andora Parafia Canillo
3%
Portugalia Dystrykt Castelo Branco
3%
Czarnogóra Gmina Cetynia
3%
Szwecja Region Dalarna
3%
Albania Obwód Dibra
3%
Bułgaria Obwód Dobricz
3%
Irlandia Hrabstwo Donegal
3%
Albania Obwód Elbasan
3%
Andora Parafia Escaldes-Engordany
3%
Luksemburg Kanton Esch-sur-Alzette
3%
Portugalia Dystrykt Guarda
3%
Węgry Komitat Hajdú-Bihar
3%
Estonia Prowincja Harju
3%
Słowenia Gmina Ig
3%
Bułgaria Obwód Jamboł
3%
Szwecja Region Jämtland
3%
Łotwa Miasto Jurmała
3%
Finlandia Region Kanta-Häme
3%
Irlandia Hrabstwo Kerry
3%
Irlandia Hrabstwo Kilkenny
3%
Słowenia Gmina miejska Kranj
3%
Szwecja Region Kronoberg
3%
Finlandia Region Kymenlaakso
3%
Andora Parafia La Massana
3%
Portugalia Dystrykt Leiria
3%
Albania Obwód Lezha
3%
Chorwacja Żupania Licko-seńska
3%
Bułgaria Obwód Łowecz
3%
Macedonia Północna Gmina Makedonski Brod
3%
Irlandia Hrabstwo Mayo
3%
Irlandia Hrabstwo Meath
3%
Kosowo Rejon Mitrovica
3%
Bułgaria Obwód Montana
3%
Szwajcaria Kanton Neuchâtel
3%
Łotwa Powiat Ogre
3%
Andora Parafia Ordino
3%
Szwecja Region Östergötland
3%
Finlandia Region Päijät-Häme
3%
Bułgaria Obwód Pernik
3%
Finlandia Region Pirkanmaa
3%
Bułgaria Obwód Plewen
3%
Serbia Okręg Północnobanacki
3%
Serbia Okręg Południowobacki
3%
Serbia Okręg Południowobanacki
3%
Portugalia Dystrykt Portalegre
3%
Kosowo Rejon Prizren
3%
Łotwa Miasto Rzeżyca
3%
Łotwa Powiat Rzeżyca
3%
Portugalia Dystrykt Santarém
3%
Finlandia Region Satakunta
3%
Szwajcaria Kanton Schwyz
3%
Chorwacja Żupania Sisacko-moslawińska
3%
Irlandia Hrabstwo Sligo
3%
Irlandia Hrabstwo South Dublin
3%
Rumunia Okręg Suczawa
3%
Rumunia Okręg Sybin
3%
Szwajcaria Kanton Szafuza
3%
Rumunia Okręg Tulcza
3%
Szwajcaria Kanton Uri
3%
Estonia Prowincja Valga
3%
Chorwacja Żupania Varażdińska
3%
Szwecja Region Värmland
3%
Szwecja Region Västerbotten
3%
Szwecja Region Västra Götaland
3%
Węgry Komitat Veszprém
3%
Portugalia Dystrykt Viana do Castelo
3%
Estonia Prowincja Virumaa Wschodnia
3%
Estonia Prowincja Virumaa Zachodnia
3%
Portugalia Dystrykt Viseu
3%
Estonia Prowincja Võru
3%
Chorwacja Żupania Vukowarsko-srijemska
3%
Irlandia Hrabstwo Westmeath
3%
Irlandia Hrabstwo Wexford
3%
Bułgaria Obwód Wraca
3%
Węgry Komitat Zala
3%
Rumunia Okręg Aluta
2%
Szwajcaria Kanton Appenzell Innerrhoden
2%
Rumunia Okręg Ardżesz
2%
Węgry Komitat Bács-Kiskun
2%
Węgry Komitat Baranya
2%
Chorwacja Żupania Bielowarsko-bilogorska
2%
Rumunia Okręg Bihor
2%
Macedonia Północna Gmina Bitola
2%
Bułgaria Obwód Błagojewgrad
2%
Słowenia Gmina Bled
2%
Węgry Komitat Borsod-Abaúj-Zemplén
2%
Rumunia Okręg Botoszany
2%
Rumunia Okręg Braiła
2%
Rumunia Okręg Buzău
2%
Mołdawia Rejon Călărași
2%
Rumunia Okręg Călărași
2%
Irlandia Hrabstwo Carlow
2%
Irlandia Hrabstwo Cavan
2%
Bułgaria Obwód Chaskowo
2%
Irlandia Hrabstwo Clare
2%
Węgry Komitat Csongrád-Csanád
2%
Luksemburg Kanton Diekirch
2%
Rumunia Okręg Dolj
2%
Węgry Komitat Fejér
2%
Irlandia Hrabstwo Fingal
2%
San Marino Zamek Fiorentino
2%
Bułgaria Obwód Gabrowo
2%
Szwecja Region Gävleborg
2%
Rumunia Okręg Giurgiu
2%
Szwajcaria Kanton Glarus
2%
Rumunia Okręg Gorj
2%
Słowenia Gmina Gornji Grad
2%
Słowenia Gmina Grad
2%
Czarnogóra Gmina Herceg Novi
2%
Węgry Komitat Heves
2%
Rumunia Okręg Hunedoara
2%
Rumunia Okręg Ilfov
2%
Estonia Prowincja Järva
2%
Węgry Komitat Jász-Nagykun-Szolnok
2%
Estonia Prowincja Jõgeva
2%
Irlandia Hrabstwo Kildare
2%
Bułgaria Obwód Kiustendił
2%
Węgry Komitat Komárom-Esztergom
2%
Chorwacja Żupania Kopriwnicko-kriżewczyńska
2%
Chorwacja Żupania Krapińsko-zagorska
2%
Łotwa Powiat Kurzeme Południowe
2%
Bułgaria Obwód Kyrdżali
2%
Irlandia Hrabstwo Laois
2%
Irlandia Hrabstwo Leitrim
2%
Irlandia Hrabstwo Longford
2%
Irlandia Hrabstwo Louth
2%
Łotwa Powiat Lucyn
2%
Łotwa Powiat Madona
2%
Rumunia Okręg Marmarosz
2%
Rumunia Okręg Marusza
2%
Chorwacja Żupania Medzimurska
2%
Irlandia Hrabstwo Monaghan
2%
Serbia Okręg Morawicki
2%
Słowenia Gmina miejska Murska Sobota
2%
Szwajcaria Kanton Nidwalden
2%
Czarnogóra Gmina Nikšić
2%
Serbia Okręg Niszawski
2%
Węgry Komitat Nógrád
2%
Słowenia Gmina miejska Novo Mesto
2%
Szwajcaria Kanton Obwalden
2%
Macedonia Północna Gmina Ochryda
2%
Irlandia Hrabstwo Offaly
2%
Bułgaria Obwód Pazardżik
2%
Słowenia Gmina Piran
2%
Serbia Okręg Pirocki
2%
Serbia Okręg Północnobacki
2%
Estonia Prowincja Põlva
2%
Serbia Okręg Pomorawski
2%
Słowenia Gmina miejska Ptuj
2%
Estonia Prowincja Rapla
2%
Irlandia Hrabstwo Roscommon
2%
San Marino Zamek Serravalle
2%
Bułgaria Obwód Silistra
2%
Bułgaria Obwód Sliwen
2%
Bułgaria Obwód Smolan
2%
Szwecja Region Södermanland
2%
Szwajcaria Kanton Solura
2%
Węgry Komitat Somogy
2%
Serbia Okręg Sremski
2%
Serbia Okręg Środkowobanacki
2%
Węgry Komitat Szabolcs-Szatmár-Bereg
2%
Bułgaria Obwód Szumen
2%
Macedonia Północna Gmina Tetowo
2%
Irlandia Hrabstwo Tipperary
2%
Węgry Komitat Tolna
2%
Liechtenstein Gmina Triesen
2%
Szwajcaria Kanton Turgowia
2%
Bułgaria Obwód Tyrgowiszte
2%
Czarnogóra Gmina Ulcinj
2%
Łotwa Powiat Valka
2%
Łotwa Powiat Valmiera
2%
Rumunia Okręg Vaslui
2%
Szwecja Region Västernorrland
2%
Szwecja Region Västmanland
2%
Estonia Prowincja Viljandi
2%
Chorwacja Żupania Virowiticko-podrawska
2%
Irlandia Hrabstwo Wicklow
2%
Luksemburg Kanton Wiltz
2%
Serbia Okręg Zachodniobacki
2%
Serbia Okręg Zajeczarski
2%
Serbia Okręg Zlatiborski
2%
San Marino Zamek Acquaviva
1%
Łotwa Powiat Ādaži
1%
Macedonia Północna Gmina Aerodrom
1%
Łotwa Powiat Aizkraukle
1%
Słowenia Gmina Ajdovščina
1%
Islandia Gmina Akranes
1%
Łotwa Powiat Alūksne
1%
Czarnogóra Gmina Andrijevica
1%
Mołdawia Rejon Anenii Noi
1%
Słowenia Gmina Ankaran
1%
Słowenia Gmina Apače
1%
Islandia Gmina Árborg
1%
Islandia Gmina Ásahreppur
1%
Łotwa Powiat Augšdaugava
1%
Łotwa Powiat Balvi
1%
Liechtenstein Gmina Balzers
1%
Mołdawia Rejon Basarabeasca
1%
Łotwa Powiat Bauska
1%
Słowenia Gmina Beltinci
1%
Mołdawia Miasto wydzielone Bendery
1%
Słowenia Gmina Benedikt
1%
Czarnogóra Gmina Berane
1%
Macedonia Północna Gmina Berowo
1%
Czarnogóra Gmina Bijelo Polje
1%
Słowenia Gmina Bistrica ob Sotli
1%
Słowenia Gmina Bloke
1%
Słowenia Gmina Bohinj
1%
San Marino Zamek Borgo Maggiore
1%
Słowenia Gmina Borovnica
1%
Słowenia Gmina Bovec
1%
Serbia Okręg Braniczewski
1%
Słowenia Gmina Brda
1%
Słowenia Gmina Brežice
1%
Słowenia Gmina Brezovica
1%
Mołdawia Rejon Bryczany
1%
Macedonia Północna Gmina Buteł
1%
Słowenia Gmina Cankova
1%
Mołdawia Rejon Cantemir
1%
Luksemburg Kanton Capellen
1%
Rumunia Okręg Caraș-Severin
1%
Macedonia Północna Gmina Centar
1%
Macedonia Północna Gmina Centar Żupa
1%
Słowenia Gmina Cerknica
1%
Słowenia Gmina Cerkno
1%
San Marino Zamek Chiesanuova
1%
Mołdawia Rejon Cimișlia
1%
Luksemburg Kanton Clervaux
1%
Rumunia Okręg Covasna
1%
Mołdawia Rejon Criuleni
1%
Słowenia Gmina Črna na Koroškem
1%
Macedonia Północna Gmina Czair
1%
Macedonia Północna Gmina Czaszka
1%
Czarnogóra Gmina Danilovgrad
1%
Macedonia Północna Gmina Debar
1%
Macedonia Północna Gmina Dełczewo
1%
Łotwa Powiat Dobele
1%
Słowenia Gmina Dobje
1%
Słowenia Gmina Dobrna
1%
Słowenia Gmina Dobrovnik
1%
San Marino Zamek Domagnano
1%
Słowenia Gmina Domžale
1%
Mołdawia Rejon Dondușeni
1%
Mołdawia Rejon Drochia
1%
Mołdawia Rejon Dubosary
1%
Irlandia Hrabstwo Dún Laoghaire–Rathdown
1%
Słowenia Gmina Duplek
1%
Rumunia Okręg Dymbowica
1%
Luksemburg Kanton Echternach
1%
Liechtenstein Gmina Eschen
1%
Islandia Gmina Eyja- og Miklaholtshreppur
1%
San Marino Zamek Faetano
1%
Mołdawia Rejon Fălești
1%
Kosowo Rejon Ferizaj
1%
Mołdawia Rejon Florești
1%
Monako Osiedle Fontvieille
1%
Liechtenstein Gmina Gamprin
1%
Kosowo Rejon Gjakova
1%
Kosowo Rejon Gjilan
1%
Mołdawia Rejon Glodeni
1%
Słowenia Gmina Gorje
1%
Macedonia Północna Gmina Gradsko
1%
Luksemburg Kanton Grevenmacher
1%
Islandia Gmina Grindavíkurbær
1%
Łotwa Powiat Gulbene
1%
Czarnogóra Gmina Gusinje
1%
Islandia Gmina Hafnarfjörður
1%
Rumunia Okręg Harghita
1%
Mołdawia Rejon Hîncești
1%
Słowenia Gmina Idrija
1%
Słowenia Gmina Izola
1%
Serbia Okręg Jablanicki
1%
Rumunia Okręg Jałomica
1%
Monako Osiedle Jardin Exotique
1%
Mołdawia Rejon Jedyńce
1%
Łotwa Powiat Jēkabpils
1%
Słowenia Gmina Jesenice
1%
Mołdawia Rejon Kaguł
1%
Słowenia Gmina Kamnik
1%
Słowenia Gmina Kanal
1%
Macedonia Północna Gmina Kawadarci
1%
Łotwa Powiat Ķekava
1%
Macedonia Północna Gmina Kiczewo
1%
Słowenia Gmina Kobarid
1%
Słowenia Gmina Kočevje
1%
Czarnogóra Gmina Kolašin
1%
Serbia Okręg Kolubarski
1%
Słowenia Gmina Komen
1%
Słowenia Gmina Komenda
1%
Islandia Gmina Kópavogur
1%
Słowenia Gmina Kostel
1%
Słowenia Gmina Kranjska Gora
1%
Łotwa Powiat Krasław
1%
Macedonia Północna Gmina Kratowo
1%
Słowenia Gmina Krško
1%
Macedonia Północna Gmina Kruszewo
1%
Łotwa Powiat Kuldīga
1%
Macedonia Północna Gmina Kumanowo
1%
Monako Osiedle La Condamine
1%
Monako Osiedle La Rousse
1%
Monako Osiedle Larvotto
1%
Słowenia Gmina Laško
1%
Słowenia Gmina Lenart
1%
Słowenia Gmina Lendava
1%
Mołdawia Rejon Leova
1%
Monako Osiedle Les Moneghetti
1%
Łotwa Powiat Limbaži
1%
Macedonia Północna Gmina Lipkowo
1%
Łotwa Powiat Līvāni
1%
Słowenia Gmina Ljubno
1%
Słowenia Gmina Log-Dragomer
1%
Słowenia Gmina Loški Potok
1%
Serbia Okręg Maczwański
1%
Macedonia Północna Gmina Makedonska Kamenica
1%
Łotwa Powiat Mārupe
1%
Liechtenstein Gmina Mauren
1%
Rumunia Okręg Mehedinți
1%
Luksemburg Kanton Mersch
1%
Słowenia Gmina Miren-Kostanjevica
1%
Słowenia Gmina Mirna
1%
Słowenia Gmina Mirna Peč
1%
Macedonia Północna Gmina Mogiła
1%
Czarnogóra Gmina Mojkovac
1%
San Marino Zamek Montegiardino
1%
Słowenia Gmina Naklo
1%
Rumunia Okręg Neamț
1%
Macedonia Północna Gmina Negotino
1%
Mołdawia Rejon Nisporeni
1%
Słowenia Gmina miejska Nova Gorica
1%
Mołdawia Rejon Ocnița
1%
Łotwa Powiat Olaine
1%
Islandia Gmina Ölfus
1%
Mołdawia Rejon Orgiejów
1%
Serbia Okręg Pczyński
1%
Czarnogóra Gmina Petnjica
1%
Słowenia Gmina Pivka
1%
Liechtenstein Gmina Planken
1%
Czarnogóra Gmina Plav
1%
Czarnogóra Gmina Pljevlja
1%
Czarnogóra Gmina Plužine
1%
Słowenia Gmina Postojna
1%
Rumunia Okręg Prahova
1%
Łotwa Powiat Preiļi
1%
Macedonia Północna Gmina Prilep
1%
Słowenia Gmina Rače–Fram
1%
Serbia Okręg Rasiński
1%
Monako Osiedle Ravin de Sainte-Dévote
1%
Luksemburg Kanton Redange
1%
Luksemburg Kanton Remich
1%
Mołdawia Rejon Rezina
1%
Mołdawia Rejon Rîșcani
1%
Łotwa Powiat Ropaži
1%
Macedonia Północna Gmina Rosoman
1%
Czarnogóra Gmina Rožaje
1%
Liechtenstein Gmina Ruggell
1%
Rumunia Okręg Sălaj
1%
Łotwa Powiat Salaspils
1%
Łotwa Powiat Saldus
1%
Łotwa Powiat Saulkrasti
1%
Czarnogóra Gmina Šavnik
1%
Liechtenstein Gmina Schellenberg
1%
Słowenia Gmina Sežana
1%
Łotwa Powiat Sigulda
1%
Słowenia Gmina miejska Slovenj Gradec
1%
Słowenia Gmina Slovenska Bistrica
1%
Łotwa Powiat Smiltene
1%
Mołdawia Rejon Șoldănești
1%
Mołdawia Rejon Soroca
1%
Mołdawia Rejon Ștefan Vodă
1%
Mołdawia Rejon Straszany
1%
Macedonia Północna Gmina Struga
1%
Macedonia Północna Gmina Strumica
1%
Słowenia Gmina Sveta Ana
1%
Słowenia Gmina Sveta Trojica v Slovenskih Goricah
1%
Słowenia Gmina Sveti Jurij ob Ščavnici
1%
Słowenia Gmina Sveti Jurij v Slovenskih Goricah
1%
Macedonia Północna Gmina Sztip
1%
Serbia Okręg Szumadijski
1%
Słowenia Gmina Tabor
1%
Łotwa Powiat Talsi
1%
Mołdawia Rejon Telenești
1%
Rumunia Okręg Teleorman
1%
Czarnogóra Gmina Tivat
1%
Słowenia Gmina Tolmin
1%
Serbia Okręg Toplicki
1%
Liechtenstein Gmina Triesenberg
1%
Łotwa Powiat Tukums
1%
Czarnogóra Gmina Tuzi
1%
Mołdawia Rejon Ungheni
1%
Rumunia Okręg Vâlcea
1%
Łotwa Powiat Varakļāni
1%
Słowenia Gmina miejska Velenje
1%
Luksemburg Kanton Vianden
1%
Islandia Gmina Vogar
1%
Rumunia Okręg Vrancea
1%
Macedonia Północna Gmina Wełes
1%
Macedonia Północna Gmina Winica
1%
Czarnogóra Gmina Žabljak
1%
Macedonia Północna Gmina Żelino
1%
Słowenia Gmina Žiri
1%
Słowenia Gmina Zreče
1%
Słowenia Gmina Žužemberk
1%
Macedonia Północna Gmina Araczinowo
0%
Islandia Gmina Árneshreppur
0%
Islandia Gmina Bláskógabyggð
0%
Macedonia Północna Gmina Bogdanci
0%
Macedonia Północna Gmina Bogowińe
0%
Islandia Gmina Bolungarvík
0%
Islandia Gmina Borgarbyggð
0%
Macedonia Północna Gmina Bosiłowo
0%
Słowenia Gmina Braslovče
0%
Macedonia Północna Gmina Brwenica
0%
Mołdawia Rejon Căușeni
0%
Słowenia Gmina Cerklje na Gorenjskem
0%
Słowenia Gmina Cerkvenjak
0%
Słowenia Gmina Cirkulane
0%
Słowenia Gmina Črenšovci
0%
Słowenia Gmina Črnomelj
0%
Macedonia Północna Gmina Czeszinowo-Obleszewo
0%
Macedonia Północna Gmina Czuczer-Sandewo
0%
Islandia Gmina Dalabyggð
0%
Islandia Gmina Dalvíkurbyggð
0%
Macedonia Północna Gmina Debarca
0%
Macedonia Północna Gmina Demir Hisar
0%
Macedonia Północna Gmina Demir Kapija
0%
Słowenia Gmina Destrnik
0%
Słowenia Gmina Divača
0%
Słowenia Gmina Dobrepolje
0%
Słowenia Gmina Dobrova–Polhov Gradec
0%
Macedonia Północna Gmina Dojran
0%
Słowenia Gmina Dolenjske Toplice
0%
Macedonia Północna Gmina Dołneni
0%
Słowenia Gmina Dornava
0%
Słowenia Gmina Dravograd
0%
Macedonia Północna Gmina Dźorcze Petrow
0%
Islandia Gmina Eyjafjarðarsveit
0%
Islandia Gmina Fjallabyggð
0%
Islandia Gmina Fjarðabyggð
0%
Islandia Gmina Fljótsdalshreppur
0%
Islandia Gmina Flóahreppur
0%
Islandia Gmina Garðabær
0%
Macedonia Północna Gmina Gazi Baba
0%
Macedonia Północna Gmina Gewgelija
0%
Słowenia Gmina Gorenja Vas–Poljane
0%
Słowenia Gmina Gorišnica
0%
Słowenia Gmina Gornja Radgona
0%
Słowenia Gmina Gornji Petrovci
0%
Macedonia Północna Gmina Gostiwar
0%
Islandia Gmina Grímsnes- og Grafningshreppur
0%
Słowenia Gmina Grosuplje
0%
Islandia Gmina Grundarfjarðarbær
0%
Islandia Gmina Grýtubakkahreppur
0%
Słowenia Gmina Hajdina
0%
Słowenia Gmina Hoče–Slivnica
0%
Słowenia Gmina Hodoš
0%
Islandia Gmina Hörgársveit
0%
Słowenia Gmina Horjul
0%
Islandia Gmina Hornafjörður
0%
Słowenia Gmina Hrastnik
0%
Słowenia Gmina Hrpelje-Kozina
0%
Islandia Gmina Hrunamannahreppur
0%
Islandia Gmina Húnabyggð
0%
Islandia Gmina Húnaþing vestra
0%
Islandia Gmina Hvalfjarðarsveit
0%
Islandia Gmina Hveragerði
0%
Mołdawia Rejon Ialoveni
0%
Macedonia Północna Gmina Ilinden
0%
Słowenia Gmina Ilirska Bistrica
0%
Islandia Gmina Ísafjarðarbær
0%
Słowenia Gmina Ivančna Gorica
0%
Macedonia Północna Gmina Jegunowce
0%
Słowenia Gmina Jezersko
0%
Słowenia Gmina Juršinci
0%
Islandia Gmina Kaldrananeshreppur
0%
Macedonia Północna Gmina Karbinci
0%
Macedonia Północna Gmina Karposz
0%
Słowenia Gmina Kidričevo
0%
Macedonia Północna Gmina Kiseła Woda
0%
Islandia Gmina Kjósarhreppur
0%
Słowenia Gmina Kobilje
0%
Macedonia Północna Gmina Koczani
0%
Macedonia Północna Gmina Koncze
0%
Słowenia Gmina Kostanjevica na Krki
0%
Słowenia Gmina Kozje
0%
Macedonia Północna Gmina Kriwa Pałanka
0%
Macedonia Północna Gmina Kriwogasztani
0%
Słowenia Gmina Križevci
0%
Słowenia Gmina Kungota
0%
Słowenia Gmina Kuzma
0%
Islandia Gmina Langanesbyggð og Svalbarðshreppur
0%
Słowenia Gmina Litija
0%
Słowenia Gmina Ljutomer
0%
Słowenia Gmina Logatec
0%
Słowenia Gmina Lovrenc na Pohorju
0%
Macedonia Północna Gmina Łozowo
0%
Słowenia Gmina Lukovica
0%
Słowenia Gmina Majšperk
0%
Słowenia Gmina Makole
0%
Słowenia Gmina Markovci
0%
Macedonia Północna Gmina Mawrowo i Rostusza
0%
Słowenia Gmina Medvode
0%
Słowenia Gmina Mengeš
0%
Słowenia Gmina Metlika
0%
Słowenia Gmina Mežica
0%
Słowenia Gmina Miklavž na Dravskem Polju
0%
Słowenia Gmina Mislinja
0%
Słowenia Gmina Mokronog-Trebelno
0%
Słowenia Gmina Moravče
0%
Słowenia Gmina Moravske Toplice
0%
Islandia Gmina Mosfellsbær
0%
Słowenia Gmina Mozirje
0%
Islandia Gmina Múlaþing
0%
Słowenia Gmina Muta
0%
Islandia Gmina Mýrdalshreppur
0%
Słowenia Gmina Nazarje
0%
Islandia Gmina Norðurþing
0%
Macedonia Północna Gmina Nowaci
0%
Macedonia Północna Gmina Nowo Seło
0%
Słowenia Gmina Odranci
0%
Słowenia Gmina Oplotnica
0%
Słowenia Gmina Ormož
0%
Słowenia Gmina Osilnica
0%
Macedonia Północna Gmina Pehczewo
0%
Słowenia Gmina Pesnica
0%
Macedonia Północna Gmina Petrowec
0%
Macedonia Północna Gmina Płasnica
0%
Słowenia Gmina Podčetrtek
0%
Słowenia Gmina Podlehnik
0%
Słowenia Gmina Podvelka
0%
Słowenia Gmina Poljčane
0%
Słowenia Gmina Polzela
0%
Słowenia Gmina Prebold
0%
Słowenia Gmina Preddvor
0%
Słowenia Gmina Prevalje
0%
Macedonia Północna Gmina Probisztip
0%
Słowenia Gmina Puconci
0%
Słowenia Gmina Radeče
0%
Słowenia Gmina Radenci
0%
Słowenia Gmina Radlje ob Dravi
0%
Słowenia Gmina Radovljica
0%
Macedonia Północna Gmina Radowisz
0%
Islandia Gmina Rangárþing eystra
0%
Islandia Gmina Rangárþing ytra
0%
Macedonia Północna Gmina Rankowce
0%
Słowenia Gmina Ravne na Koroškem
0%
Słowenia Gmina Razkrižje
0%
Słowenia Gmina Rečica ob Savinji
0%
Słowenia Gmina Renče–Vogrsko
0%
Macedonia Północna Gmina Resen
0%
Islandia Gmina Reykhólahreppur
0%
Islandia Gmina Reykjanesbær
0%
Słowenia Gmina Ribnica
0%
Słowenia Gmina Ribnica na Pohorju
0%
Słowenia Gmina Rogaška Slatina
0%
Słowenia Gmina Rogašovci
0%
Słowenia Gmina Rogatec
0%
Słowenia Gmina Šalovci
0%
Słowenia Gmina Selnica ob Dravi
0%
Islandia Gmina Seltjarnarnes
0%
Słowenia Gmina Semič
0%
Słowenia Gmina Šempeter-Vrtojba
0%
Słowenia Gmina Šenčur
0%
Słowenia Gmina Šentilj
0%
Słowenia Gmina Šentjernej
0%
Słowenia Gmina Šentjur
0%
Słowenia Gmina Šentrupert
0%
Słowenia Gmina Sevnica
0%
Mołdawia Rejon Sîngerei
0%
Islandia Gmina Skaftárhreppur
0%
Islandia Gmina Skagabyggð
0%
Islandia Gmina Skagaströnd
0%
Islandia Gmina Skeiða- og Gnúpverjahreppur
0%
Słowenia Gmina Škocjan
0%
Słowenia Gmina Škofja Loka
0%
Słowenia Gmina Škofljica
0%
Islandia Gmina Skorradalshreppur
0%
Słowenia Gmina Slovenske Konjice
0%
Słowenia Gmina Šmarje pri Jelšah
0%
Słowenia Gmina Šmarješke Toplice
0%
Słowenia Gmina Šmartno ob Paki
0%
Słowenia Gmina Šmartno pri Litiji
0%
Islandia Gmina Snæfellsbær
0%
Słowenia Gmina Sodražica
0%
Słowenia Gmina Solčava
0%
Macedonia Północna Gmina Sopiszte
0%
Słowenia Gmina Šoštanj
0%
Słowenia Gmina Središče ob Dravi
0%
Macedonia Północna Gmina Staro Nagoriczane
0%
Słowenia Gmina Starše
0%
Słowenia Gmina Štore
0%
Islandia Gmina Strandabyggð
0%
Słowenia Gmina Straža
0%
Macedonia Północna Gmina Studeniczani
0%
Islandia Gmina Stykkishólmsbær og Helgafellssveit
0%
Islandia Gmina Súðavíkurhreppur
0%
Islandia Gmina Suðurnesjabær
0%
Islandia Gmina Svalbarðsstrandarhreppur
0%
Islandia Gmina Sveitarfélagið Skagafjörður og Akrahreppur
0%
Słowenia Gmina Sveti Andraž v Slovenskih Goricah
0%
Słowenia Gmina Sveti Tomaž
0%
Macedonia Północna Gmina Sweti Nikołe
0%
Macedonia Północna Gmina Szuto Orizari
0%
Islandia Gmina Tálknafjarðarhreppur
0%
Mołdawia Rejon Taraclia
0%
Macedonia Północna Gmina Tearce
0%
Islandia Gmina Þingeyjarsveit
0%
Słowenia Gmina Tišina
0%
Islandia Gmina Tjörneshreppur
0%
Słowenia Gmina Trbovlje
0%
Słowenia Gmina Trebnje
0%
Słowenia Gmina Trnovska Vas
0%
Słowenia Gmina Tržič
0%
Słowenia Gmina Trzin
0%
Słowenia Gmina Turnišče
0%
Słowenia Gmina Velika Polana
0%
Słowenia Gmina Velike Lašče
0%
Słowenia Gmina Veržej
0%
Islandia Gmina Vestmannaeyjar
0%
Islandia Gmina Vesturbyggð
0%
Słowenia Gmina Videm
0%
Słowenia Gmina Vipava
0%
Słowenia Gmina Vitanje
0%
Słowenia Gmina Vodice
0%
Słowenia Gmina Vojnik
0%
Islandia Gmina Vopnafjarðarhreppur
0%
Słowenia Gmina Vransko
0%
Słowenia Gmina Vrhnika
0%
Słowenia Gmina Vuzenica
0%
Macedonia Północna Gmina Wałandowo
0%
Macedonia Północna Gmina Wasiłewo
0%
Macedonia Północna Gmina Wewczani
0%
Macedonia Północna Gmina Wrapcziszte
0%
Słowenia Gmina Zagorje ob Savi
0%
Słowenia Gmina Žalec
0%
Słowenia Gmina Zavrč
0%
Macedonia Północna Gmina Zełenikowo
0%
Słowenia Gmina Železniki
0%
Słowenia Gmina Žetale
0%
Słowenia Gmina Žirovnica
0%
Macedonia Północna Gmina Zrnowci
0%
Nie znaleziono quizów pasujących do podanych kryteriów
Rozkład punktacji
Procent ludzi z każdym wynikiem
Percentyl według liczby udzielonych odpowiedzi
Twoja historia wyników
Nie rozwiązałeś tego quizu